Library services : (Record no. 75163)

MARC details
000 -LEADER
fixed length control field 00649nam a22001937a 4500
005 - DATE AND TIME OF LATEST TRANSACTION
control field 20130508112344.0
010 ## - LCCN (DPL NO)
LC control number ENG-106996
020 ## - INTERNATIONAL STANDARD BOOK NUMBER
International Standard Book Number 9788170006589
Terms of availability 575.00
035 ## - SYSTEM CONTROL NUMBER
System control number EN-90529
037 ## - SOURCE OF ACQUISITION
Source of stock number/acquisition DBAD/PUB
082 ## - DEWEY DECIMAL CLASSIFICATION NUMBER
Classification number 025.00285
245 ## - TITLE STATEMENT
Title Library services :
Remainder of title challenges and solutions in digital era /
Statement of responsibility, etc edited by Sandhya Aggarwal ; foreworded by R.D. Mehla
260 ## - PUBLICATION, DISTRIBUTION, ETC. (IMPRINT)
Place of publication, distribution, etc New Delhi
Name of publisher, distributor, etc ESS ESS Publications
Date of publication, distribution, etc 2012
270 ## - ADDRESS
Address 4837/24, Ansari Road, Daryaganj
City New Delhi
Postal code 110002
300 ## - PHYSICAL DESCRIPTION
Extent viii,190p.:
Other physical details ill.
Dimensions 22cm(Hb)
500 ## - GENERAL NOTE
General note Includes index
700 ## - ADDED ENTRY--PERSONAL NAME
Personal name Aggarwal, Sandhya
942 ## - ADDED ENTRY ELEMENTS (KOHA)
Source of classification or shelving scheme Dewey Decimal Classification
Item type English Books
Classification part 025.00285
Call number suffix AGG
Holdings
Withdrawn status Lost status Not for loan Collection code Home library Current library Date acquired Source of acquisition Cost, normal purchase price Full call number Barcode Copy number Cost, replacement price Koha item type
    Not For Loan Non-fiction D.B.Act.Division D.B.Act.Division 07/05/2013 DBAD/PUB 575.00 025.00285 AGG EN-90529 1 575.00 English Books

© Delhi Public Library
Hit Counter
free hit counter